Ace of aces : the Dick Bong story /

Bibliographic Details
Main Author: Bong, Carl
Other Authors: O'Connor, Mike, 1950-
Format: Book
Language:English
Published: Mesa, Ariz. : Champlin Fighter Museum Press, [1985]
Subjects:

MARC

Tag First Indicator Second Indicator Subfields
LEADER 00000cam a2200000 a 4500
001 in00001340113
005 20151005092047.0
008 850611s1985 azuac 001 0beng
010 |a  85014677  
020 |a 0912173068 (pbk.) 
035 |a (OCoLC)12217222 
035 |9 AHE3826AM 
040 |a DLC  |c DLC  |d TXA  |d UtOrBLW 
043 |a n-us---  |a p------ 
049 |a TXAM 
050 0 0 |a UG626.2.B66  |b B66 1985 
082 0 0 |a 358.4/14/0924  |a B  |2 19 
100 1 |a Bong, Carl. 
245 1 0 |a Ace of aces :  |b the Dick Bong story /  |c by Carl Bong and Mike O'Connor. 
264 1 |a Mesa, Ariz. :  |b Champlin Fighter Museum Press,  |c [1985] 
264 4 |c ©1985 
300 |a xiii, 152 pages :  |b illustrations, portraits ;  |c 31 cm. 
336 |a text  |b txt  |2 rdacontent 
337 |a unmediated  |b n  |2 rdamedia 
338 |a volume  |b nc  |2 rdacarrier 
500 |a Includes index. 
600 1 0 |a Bong, Richard I. 
650 0 |a Fighter pilots  |z United States  |v Biography. 
610 1 0 |a United States.  |b Army Air Forces  |x Biography. 
650 0 |a World War, 1939-1945  |x Aerial operations, American. 
650 0 |a World War, 1939-1945  |z Pacific Area. 
700 1 |a O'Connor, Mike,  |d 1950- 
740 0 |a Dick Bong story. 
999 |a MARS 
999 f f |s 43e5dc82-751f-3a36-bd12-579e80dc855f  |i 708c9c87-6d8e-3860-a680-d645ab84fd25  |t 0 
952 f f |p noncirc  |a Texas A&M University  |b College Station  |c Cushing Memorial Library & Archives  |d Cushing: Ragan Military (Does not check out)  |t 0  |e UG626.2.B66 B66 1985  |h Library of Congress classification  |i unmediated -- volume 
998 f f |a UG626.2.B66 B66 1985  |t 0  |l Cushing: Ragan Military (Does not check out)